Biblioteca

Paul and the Jewish law (Registro nro. 46696)

Detalles MARC
000 -LÍDER
Campo fijo de descripción fija 01430cam a22003134i 4500
001 - NÚMERO DE CONTROL
Campo de control 20345
003 - IDENTIFICADOR DEL NÚMERO DE CONTROL
Campo de control CO-MdFUSB
005 - FECHA Y HORA DE LA ULTIMA TRANSACCIÓN
control field 20181013114735.0
008 - ELEMENTOS DE LONGITUD FIJA -- INFORMACIÓN GENERAL
Campo fijo de descripción fija -- Información general 180213t1990 ne ||||g |||| 00| 0 eng d
020 ## - NÚMERO INTERNACIONAL NORMALIZADO PARA LIBROS
Número Internacional Normalizado del libro 90-232-2490-6
040 ## - FUENTE DE CATALOGACIÓN
Agencia de catalogación original CO-MdFUSB
Idioma de catalogación spa
Agencia que realiza la transcripción CO-MdFUSB
Agencia que realiza la modificación CO-MdFUSB
Convenciones de la descripción rda
041 ## - CÓDIGO DE IDIOMA
Código de idioma para texto/pista de sonido o título separado eng
082 ## - NÚMERO DE CLASIFICACIÓN DECIMAL DEWEY
Número de la edición del Dewey 24
Número de clasificación G 227.067
Clave de autor-Numero de item T662p
100 1# - ASIENTO PRINCIPAL--NOMBRE PERSONAL
Nombre personal Tomson, Peter J.
Término relacionador autor
242 10 - TRADUCCIÓN DEL TÍTULO POR AGENCIA CATALOGADORA
Título Pablo y la ley judía
Parte restante del título - Subtítulo : Halachá en las cartas del apóstol a los gentiles
Idioma del título original Inglés
245 10 - TÍTULO
Título del Material Paul and the Jewish law
Parte restante del título - Subtitulo : Halakha in the letters of the apostle to the gentiles
Mención de responsabilidad, etc. / Peter J. Tomson
264 #4 - PRODUCCIÓN, PUBLICACIÓN, DISTRIBUCIÓN, MANUFACTURA, Y COPYRIGHT
Lugar de producción, publicación, distribución, manufactura Maastricht, Netherlands :
-- Fortress Press :
Nombre del productor, publicador, distribuidor Van Gorcum ;
-- Minneapolis, MN ;
Fecha de producción, publicación, distribución, manufactura, o copyright ©1990
300 ## - DESCRIPCIÓN FÍSICA
Extensión 327 páginas ;
Dimensiones 25 cm
336 ## - TIPO DE CONTENIDO
Fuente rdacontent
Término de tipo de contenido texto
Código de tipo de contenido txt
337 ## - TIPO DE MEDIO
Fuente rdamedia
Nombre del tipo de medio sin mediación
Código del tipo de medio n
338 ## - TIPO DE SOPORTE
Fuente rdacarrier
Nombre del tipo de soporte volumen
Código Tipo de soporte nc
501 ## - NOTA DE “CON”
Nota de Contenido Incluye índices (p. 299-327)
504 ## - NOTA DE BIBLIOGRAFÍA, ETC.
Nota de bibliografía, etc Bibliografía (p. 287- 298)
505 00 - NOTA DE CONTENIDO
Nota de contenido con formato preestablecido Cómo acercarse a Pablo y la ley -- La búsqueda de antecedentes históricos de Pablo -- La Halajá en las cartas de Pablo -- La Halajá en 1 Corintios -- La ley concerniente idolatría a principios del judaísmo y el cristianismo -- Sobre ofrendas a los ídolos -- Mesa de comunión de judios y gentiles -- El nexo de la Halajá y la teología
563 ## - NOTA DE ENCUADERNACIÓN
Nota de encuadernación Pasta dura
650 #0 - ASIENTO SECUNDARIO DE MATERIA - TERMINO TEMÁTICO
9 (RLIN) 1049
Término temático o nombre geográfico como elemento de entrada Judaísmo (Teología cristiana)
942 ## - TIPO DE MATERIAL (KOHA)
Tipo de Item KOHA Libros General
Existencias
Estado de Material Estado de Perdido Forma de Clasificación Estado de Dañado No para Préstamo Colección Tomo Biblioteca de Origen Biblioteca Permanente Fecha de Adquisición Total de Préstamos Total de Renovaciones Signatura Topográfica Código de Barras Última vez visto Última vez Préstado Ejemplar/Existencia Fecha de Remplazo Tipo de Material
    Dewey Decimal Classification     Colección General   Biblioteca FUSBC Biblioteca FUSBC 22/07/2015 1 1 G 227.067 T662p 20523 10/03/2025 21/01/2025 Ej. 1 26/01/2016 Libros General

Biblioteca FUSBC | Teléfono: (57+4) 349 88 10 Ext. 141| WhatsApp (+57) 3005338115 
E-mail: biblioteca@unisbc.edu.co | Calle 76 87-14 Robledo Palenque, Medellín, Colombia

Con tecnología Koha